000 00373nam a2200145Ia 4500
008 230711s9999||||xx |||||||||||||| ||und||
041 _aENG
082 _a20
_bGI-T
100 _aGirja,Kumar
245 0 _aTheory of cataloguing
250 _a1st Ed.
260 _c1989
_aNew Delhi
_bVikas Publishing House Pvt Ltd.
650 _aLibrary and Information Science
942 _cBK
999 _c1300
_d1300